000 00686nam a2200289Ia 4500
005 20260324130749.0
008 008 260324s9999 xx 000 0 eng d
020 _a9781315247670
037 _aEBOOK
040 _aCRL
040 _beng
040 _cCRL
041 _2eng
041 _aeng
084 _qCRL
100 _aEdward F. Mooney
_91120135
245 0 _aOn Søren Kierkegaard
245 0 _bDialogue, Polemics, Lost Intimacy, and Time
260 _bTaylor and Francis
260 _c2007
365 _a
365 _b210
856 _uhttp://www.taylorfrancis.com/books/9781315247670
942 _cEBOOK
999 _c1779469
_d1779469